000 00825ntm a22002177a 4500
005 20170809145709.0
008 170802s2011 xx a frb 000 0 eng d
040 _aEG-ScBUE
_beng
_cEG-ScBUE
082 0 4 _a624
_bZEI
_222
100 1 _aEl zeini, Mohamed Sami.
245 1 0 _aAdvanced practical boundary element methods in post tensioned slabs /
_cMohamed Sami El zeini.
260 _c2011.
300 _axxxi. 220 p. :
_bill. (col.) ;
_c28 cm.
500 _aA dissertation submitted to the faculty of engineering, The British University in egypt, in partial fulfillment of the requirements for the bachelor degree in civil engineering.
590 _amai allam
650 7 _2BUEsh
_aCivil Engineering.
_vProjects
653 _bENGCIV
_cAugust2017
655 _vSPRO
700 1 _aRashed, Youssef
_eths.
_934670
942 _2ddc
999 _c25336
_d25308